LEADER 02964nam 2200565 450 001 9910457996203321 005 20200520144314.0 010 $a1-61147-959-2 010 $a1-61147-642-9 035 $a(CKB)2550000001280599 035 $a(EBL)1680814 035 $a(SSID)ssj0001193579 035 $a(PQKBManifestationID)12448006 035 $a(PQKBTitleCode)TC0001193579 035 $a(PQKBWorkID)11146197 035 $a(PQKB)10146451 035 $a(MiAaPQ)EBC1680814 035 $a(PPN)199469164 035 $a(Au-PeEL)EBL1680814 035 $a(CaPaEBR)ebr10867949 035 $a(CaONFJC)MIL601884 035 $a(OCoLC)879024621 035 $a(EXLCZ)992550000001280599 100 $a20140515h20142014 uy 0 101 0 $aeng 135 $aur|n|---||||| 181 $ctxt 182 $cc 183 $acr 200 00$aAcknowledged legislator $ecritical essays on the poetry of Marti?n Espada /$fedited by Edward J. Carvalho 210 1$aLanham, Maryland :$cFairleigh Dickinson University Press,$d2014. 210 4$dİ2014 215 $a1 online resource (357 p.) 300 $aDescription based upon print version of record. 311 $a1-61147-641-0 311 $a1-306-70633-5 320 $aIncludes bibliographical references and index. 327 $aPermissions; Contents; Key to Espada Title Abbreviations: Ordered by Publication History, 1982-2012; Preface; Introduction; I: "My Name Is Espada": Author Profile; Chapter One: Marti?n Espada; II: "[T]o give history a human face":1 Historical Memory and Political Resistance; Chapter Two: The Republic of Memory; Chapter Three: Marti?n Espada; Chapter Four: Undoing Macho; Chapter Five: Muse on First; Chapter Six: A Poetry like Ammunition; III: Compan?ero: Labor Advocacy, Economic Concerns, and Class Consciousness; Chapter Seven: "Heart of Hunger"; Chapter Eight: "[T]he black braid of names" 327 $aChapter Nine: From the Inner City to the Cotton FieldsIV: "The poets must speak":1 Postscripts and Epilogue; Chapter Ten: La tumba de Buenaventura Roig; Chapter Eleven: The Poet Is a Historian, the Poem Is a Record; Chapter Twelve: A Visit to the Bakery; Chapter Thirteen: The Great Bell in Marti?n Espada's Chest; Works Cited; Index; About the Contributors 330 $aAcknowledged Legislator: Critical Essays on the Poetry of Marti?n Espada is the first-ever edited collection on poet and activist Marti?n Espada. With the aid of contributions by established scholars who have a specialized interest in the poet's life and work, its principal aim is to argue for a long overdue critical awareness of and cultural appreciation for Espada and his body of writing. 608 $aElectronic books. 676 $a811/.54 702 $aCarvalho$b Edward J. 801 0$bMiAaPQ 801 1$bMiAaPQ 801 2$bMiAaPQ 906 $aBOOK 912 $a9910457996203321 996 $aAcknowledged legislator$92105242 997 $aUNINA LEADER 01151nam 2200349Ia 450 001 996392332003316 005 20221108050331.0 035 $a(CKB)1000000000670956 035 $a(EEBO)2240928215 035 $a(OCoLC)12362905 035 $a(EXLCZ)991000000000670956 100 $a19850808d1662 uy | 101 0 $aeng 135 $aurbn||||a|bb| 200 14$aThe Irish colours displayed$b[electronic resource] $ein a reply of an English Protestant to a late letter of an Irish Roman Catholique : both address'd to His Grace the Duke of Ormond .. 210 $aLondon $c[s.n.]$d1662 215 $a[3], 17 p 300 $aAttributed to Roger Boyle, Earl of Orrery. Cf. NUC pre-1956; Wing. 300 $aReproduction of original in British Library. 330 $aeebo-0018 606 $aCatholics$zIreland 607 $aIreland$xHistory$y17th century 615 0$aCatholics 700 $aOrrery$b Roger Boyle$cEarl of,$f1621-1679.$028582 801 0$bEAA 801 1$bEAA 801 2$bm/c 801 2$bWaOLN 906 $aBOOK 912 $a996392332003316 996 $aThe Irish colours displayed$92380502 997 $aUNISA